000
00277nam a22001337a 4500
082
_a
894.812.3
_b
MAR/T
100
_a
MARANAD,SHAIJU
245
_a
THASKRABHASHANAM
250
_a
FIRST
260
_a
HARIKUMAR&SUKU
_c
2000
300
_a
82
650
_a
STORY
_z
KERALA
942
_c
BK
999
_c
1841
_d
1841